000 00459nam a2200193Ia 4500
005 20240823032518.0
008 240823s9999||||xx |||||||||||||| ||und||
020 _a81-259-1449-8
041 _aENGLISH
082 _A658.456 Q0
100 _a"Hoyle,Leonard H"
245 0 _aEvent Marketing
250 _a1st
260 _c2010
_bWiley India Pv
_aNew Delhi
500 _aYES
650 _aMarketing
_bManagement Studies
942 _cBK
999 _c193610
_d193610